Vida sexual de la antigua Grecia / (Record no. 92304)

MARC details
000 -LEADER
campo de control de longitud fija 00614nam a2200217 i 4500
001 - NÚMERO DE CONTROL
campo de control 92304
003 - IDENTIFICADOR DE NÚMERO DE CONTROL
campo de control ES-MaACL
005 - FECHA Y HORA DE LA ÚLTIMA TRANSACCIÓN
campo de control 20230906180936.0
007 - CAMPO FIJO DE DESCRIPCIÓN FÍSICA--INFORMACIÓN GENERAL
campo de control de longitud fija t|
008 - DATOS DE LONGITUD FIJA--INFORMACIÓN GENERAL
campo de control de longitud fija 050224s1976 sp ||||1| spa d
100 1# - ENTRADA PRINCIPAL--NOMBRE DE PERSONA
Nombre de persona Licht, Hans.
9 (RLIN) 72181
245 10 - MENCIÓN DEL TÍTULO
Título Vida sexual de la antigua Grecia /
Mención de responsabilidad, etc. Hans Licht, [traducción: Dolores Sánchez de Aleu].
250 ## - MENCION DE EDICION
Mención de edición [1ª ed.].
260 ## - PUBLICACIÓN, DISTRIBUCIÓN, ETC.
Lugar de publicación, distribución, etc. [Madrid :
Nombre del editor, distribuidor, etc. Felmar,
Fecha de publicación, distribución, etc. 1976]
300 ## - DESCRIPCIÓN FÍSICA
Extensión 399 p. ;
Dimensiones 22 cm.
490 1# - MENCIÓN DE SERIE
Mención de serie Abraxas
700 1# - ENTRADA AGREGADA--NOMBRE PERSONAL
Nombre de persona Sánchez Aleu, Dolores.
9 (RLIN) 174488
830 0# - PUNTO DE ACCESO ADICIONAL DE SERIE-TÍTULO UNIFORME
Título uniforme Abraxas
9 (RLIN) 177540
852 ## - LOCALIZACIÓN
Ubicación ES-MaACL
Número de control de estantería A-5581
Sublocalización o colección R.94455
Holdings
Estatus retirado Estado de pérdida Estado de daño No para préstamo Biblioteca de origen Biblioteca actual Ubicación en estantería Fecha de adquisición Fuente de adquisición Total de préstamos Signatura topográfica completa Código de barras Visto por última vez Precio de reemplazo Tipo de ítem Koha
        Biblioteca del Ateneo de Madrid Biblioteca del Ateneo de Madrid Sala Pecera Planta 1 17/01/2008     A-5581 1096367 23/02/2023 23/02/2023 Libro impreso